| 000 | 00433nam a2200181 a 4500 | ||
|---|---|---|---|
| 001 | 38672 | ||
| 003 | BD-RjUL | ||
| 005 | 20211209052834.0 | ||
| 008 | 160204b1952 pk ||||| |||| 001 0 urd d | ||
| 035 | _a(BD-RjUL)38781 | ||
| 040 |
_aBD-RjUL _burd _cBD-RjUL |
||
| 041 | _aurd | ||
| 100 |
_aSalam, Abdul _9119331 |
||
| 245 |
_aIslami wajaif / _cAbdus Salam |
||
| 300 |
_a348 p. ; _c24 cm. |
||
| 650 |
_aIslam _9119332 |
||
| 942 |
_2ddc _cBK |
||
| 999 |
_c38672 _d38672 |
||